Manufacturing process (Record no. 928)
[ view plain ]
| 000 -LEADER | |
|---|---|
| fixed length control field | 00351nam a2200145Ia 4500 |
| 008 - FIXED-LENGTH DATA ELEMENTS--GENERAL INFORMATION | |
| fixed length control field | 230711s9999||||xx |||||||||||||| ||und|| |
| 041 ## - LANGUAGE CODE | |
| Language code of text/sound track or separate title | ENG |
| 082 ## - DEWEY DECIMAL CLASSIFICATION NUMBER | |
| Classification number | 621 |
| Item number | RU-M |
| 100 ## - MAIN ENTRY--PERSONAL NAME | |
| Personal name | Rusinoff,S.E. |
| 245 #0 - TITLE STATEMENT | |
| Title | Manufacturing process |
| 250 ## - EDITION STATEMENT | |
| Edition statement | 1st . Ed. |
| 260 ## - PUBLICATION, DISTRIBUTION, ETC. | |
| Date of publication, distribution, etc. | 1971 |
| Place of publication, distribution, etc. | Bombay |
| Name of publisher, distributor, etc. | The Times of India |
| 650 ## - SUBJECT ADDED ENTRY--TOPICAL TERM | |
| Topical term or geographic name entry element | Mechanical Engineering |
| 942 ## - ADDED ENTRY ELEMENTS (KOHA) | |
| Koha item type | Book |
| Withdrawn status | Lost status | Damaged status | Not for loan | Collection | Home library | Current library | Date acquired | Total checkouts | Full call number | Barcode | Date last seen | Price effective from | Koha item type |
|---|---|---|---|---|---|---|---|---|---|---|---|---|---|
| MRSPTU Central Library | MRSPTU Central Library | 621 RU-M | 4653 | 08/17/2023 | 08/17/2023 | Book | |||||||
| MRSPTU Central Library | MRSPTU Central Library | 621 RU-M | 4654 | 08/17/2023 | 08/17/2023 | Book | |||||||
| MRSPTU Central Library | MRSPTU Central Library | 621 RU-M | 4655 | 08/17/2023 | 08/17/2023 | Book | |||||||
| MRSPTU Central Library | MRSPTU Central Library | 621 RU-M | 4656 | 08/17/2023 | 08/17/2023 | Book | |||||||
| MRSPTU Central Library | MRSPTU Central Library | 621 RU-M | 4657 | 08/17/2023 | 08/17/2023 | Book | |||||||
| MRSPTU Central Library | MRSPTU Central Library | 621 RU-M | 4658 | 08/17/2023 | 08/17/2023 | Book | |||||||
| MRSPTU Central Library | MRSPTU Central Library | 621 RU-M | 4659 | 08/17/2023 | 08/17/2023 | Book | |||||||
| MRSPTU Central Library | MRSPTU Central Library | 621 RU-M | 4660 | 08/17/2023 | 08/17/2023 | Book | |||||||
| MRSPTU Central Library | MRSPTU Central Library | 621 RU-M | 4661 | 08/17/2023 | 08/17/2023 | Book | |||||||
| MRSPTU Central Library | MRSPTU Central Library | 621 RU-M | 4662 | 08/17/2023 | 08/17/2023 | Book | |||||||
| MRSPTU Central Library | MRSPTU Central Library | 621 RU-M | 6052 | 08/17/2023 | 08/17/2023 | Book | |||||||
| MRSPTU Central Library | MRSPTU Central Library | 621 RU-M | 6053 | 08/17/2023 | 08/17/2023 | Book | |||||||
| MRSPTU Central Library | MRSPTU Central Library | 621 RU-M | 6054 | 08/17/2023 | 08/17/2023 | Book | |||||||
| MRSPTU Central Library | MRSPTU Central Library | 621 RU-M | 6055 | 08/17/2023 | 08/17/2023 | Book | |||||||
| MRSPTU Central Library | MRSPTU Central Library | 621 RU-M | 6056 | 08/17/2023 | 08/17/2023 | Book | |||||||
| MRSPTU Central Library | MRSPTU Central Library | 621 RU-M | 6057 | 08/17/2023 | 08/17/2023 | Book | |||||||
| MRSPTU Central Library | MRSPTU Central Library | 621 RU-M | 6058 | 08/17/2023 | 08/17/2023 | Book | |||||||
| MRSPTU Central Library | MRSPTU Central Library | 621 RU-M | 6059 | 08/17/2023 | 08/17/2023 | Book | |||||||
| MRSPTU Central Library | MRSPTU Central Library | 621 RU-M | 6060 | 08/17/2023 | 08/17/2023 | Book | |||||||
| MRSPTU Central Library | MRSPTU Central Library | 621 RU-M | 6061 | 08/17/2023 | 08/17/2023 | Book |
